| 000 | 00864nab a2200229 4500 | ||
|---|---|---|---|
| 003 | BR-BrBNA | ||
| 005 | 20240930213234.0 | ||
| 008 | 240930b bl.||||| |||| 00| 0 por d | ||
| 040 |
_aBR-BrBNA _bpor |
||
| 072 | _aD50 ; T10 ; U30 | ||
| 100 | _aMendonça, André de Oliveira | ||
| 245 | _aBiossegurança laboratorial na rede LFDA: onde estamos e onde queremos chegar | ||
| 500 | _a5 illus. | ||
| 650 | _aBIOSSEGURANÇA | ||
| 650 | _aLABORATÓRIO | ||
| 650 | _aLABORATÓRIOS FEDERAIS DE DEFESA AGROPECUÁRIA | ||
| 650 | _aANÁLISE DE RISCO | ||
| 650 | _aLEGISLAÇÃO | ||
| 773 | 0 |
_04945 _9316934 _dBrasília-DF Ministério da Agricultura, Pecuária e Abastecimento . Secretaria de Defesa Agropecuária 2022 - _o2024-3481 _tRevista da Defesa Agropecuária (Brazil) _gv, 1(2) p. 18-22; (Jun 2023) _wBR2024002766 |
|
| 942 | _cANA | ||
| 999 |
_c327886 _d327886 |
||